| Tag |
First Indicator |
Second Indicator |
Subfields |
| LEADER |
00000cam a2200000 a 4500 |
| 001 |
in00001402948 |
| 005 |
20151020053107.0 |
| 008 |
960729s1996 sp a b 000 0 spa d |
| 020 |
|
|
|a 8488890184
|
| 035 |
|
|
|a (OCoLC)36156793
|
| 035 |
|
|
|9 AHM6993AM
|
| 040 |
|
|
|a I5B
|b spa
|c I5B
|d PL#
|d AZU
|d NYP
|d TXA
|d UtOrBLW
|
| 049 |
|
|
|a TXAM
|
| 090 |
|
|
|a PQ6657.A6546
|b A72 1996
|
| 100 |
1 |
|
|a García Carcedo, Pilar,
|d 1966-
|
| 245 |
1 |
3 |
|a La Arcadia en el Quijote :
|b originalidad en el tratamiento de los seis episodios pastoriles /
|c Pilar García Carcedo.
|
| 264 |
|
1 |
|a Bilbao :
|b Beitia,
|c [1996]
|
| 300 |
|
|
|a 91 pages :
|b illustrations ;
|c 22 cm.
|
| 336 |
|
|
|a text
|b txt
|2 rdacontent
|
| 337 |
|
|
|a unmediated
|b n
|2 rdamedia
|
| 338 |
|
|
|a volume
|b nc
|2 rdacarrier
|
| 490 |
1 |
|
|a Beitia ensayo
|
| 504 |
|
|
|a Includes bibliographical references (pages 85-89).
|
| 600 |
1 |
0 |
|a Cervantes Saavedra, Miguel de,
|d 1547-1616.
|t Don Quixote.
|
| 650 |
|
0 |
|a Pastoral literature, Spanish.
|
| 650 |
|
0 |
|a Arcadia in literature.
|
| 653 |
|
|
|a Cervantes Saavedra, Miguel de, 1547-1616. Don Quijote
|a Episodios pastoriles
|a Crítica e interpretación.
|
| 653 |
|
|
|a Literatura española
|a 1500-1700.
|
| 830 |
|
0 |
|a Beitia ensayo.
|
| 948 |
|
|
|a c:pk
|
| 999 |
|
|
|a MARS
|
| 999 |
f |
f |
|s 874d6a8c-70f0-33d4-a4a8-dba4939e957b
|i 4d8585c3-9a47-35b2-823b-533bf506afaf
|t 0
|
| 952 |
f |
f |
|p normal
|a Texas A&M University
|b College Station
|c Sterling C. Evans Library
|d Evans: Library Stacks
|t 0
|e PQ6657.A6546 A72 1996
|h Library of Congress classification
|i unmediated -- volume
|m A14822529718
|
| 998 |
f |
f |
|a PQ6657.A6546 A72 1996
|t 0
|l Evans: Library Stacks
|